ICSE CHEMISTRY BOOK 2: (Record no. 184039)

MARC details
000 -LEADER
fixed length control field 00577nam a22001817a 4500
005 - DATE AND TIME OF LATEST TRANSACTION
control field 20220112103749.0
010 ## - LCCN (DPL NO)
LC control number ENG-131065
020 ## - INTERNATIONAL STANDARD BOOK NUMBER
International Standard Book Number 978-93-52-535-026
Terms of availability 510.00
035 ## - SYSTEM CONTROL NUMBER
System control number EN-114597
037 ## - SOURCE OF ACQUISITION
Source of stock number/acquisition DBAD
082 ## - DEWEY DECIMAL CLASSIFICATION NUMBER
Classification number 540
100 ## - MAIN ENTRY--PERSONAL NAME
Personal name Bisht, B.S.
245 ## - TITLE STATEMENT
Title ICSE CHEMISTRY BOOK 2:
Statement of responsibility, etc B.S Bisht, R.D. Madan, Ni=elson A. Petrie
Remainder of title for Class X/
260 ## - PUBLICATION, DISTRIBUTION, ETC. (IMPRINT)
Place of publication, distribution, etc New Delhi
Name of publisher, distributor, etc S Chand School Books
Date of publication, distribution, etc 2013
270 ## - ADDRESS
City New Delhi
Address A-27, 2nd Floor, Mohan Co-operative Industrial Estate
Postal code 110044
300 ## - PHYSICAL DESCRIPTION
Extent 360p.
Dimensions 26cm(pbk)
942 ## - ADDED ENTRY ELEMENTS (KOHA)
Source of classification or shelving scheme Dewey Decimal Classification
Item type English Books
Classification part 540
Call number suffix BIS
Holdings
Withdrawn status Lost status Not for loan Collection code Home library Current library Date acquired Source of acquisition Cost, normal purchase price Full call number Barcode Copy number Cost, replacement price Koha item type
      Non-fiction Central Library Central Library 12/01/2022 DBAD/PUB 510.00 540 BIS EN-114597 1 510.00 English Books

© Delhi Public Library
Hit Counter
free hit counter